banner koha

Avicultura vira agroindústria; parte 2 (Registro n. 300450)

MARC details
000 -LÍDER
fixed length control field 01000nab a2200313 4500
003 - CÓDIGO MARC DA AGÊNCIA CATALOGADORA
Campo de controle BR-BrBNA
005 - DATA E HORA DA ÚLTIMA ATUALIZAÇÃO
Campo de controle 20240814144905.0
008 - CAMPO DE TAMANHO FIXO
fixed length control field 240708b bl.||||| |||| 00| 0 por d
040 ## - FONTE DA CATALOGAÇÃO
Agência catalogadora BR-BrBNA
Idioma da catalogação por
072 ## - CATEGORIA AGRIS
Código AGRIS L01; Q02; E70
Código do objeto 6100 ; 9705
100 ## - ENTRADA PRINCIPAL - NOME PESSOAL
Nome pessoal Costa, Antônio
245 ## - TÍTULO PRINCIPAL
Título principal Avicultura vira agroindústria; parte 2
Subtítulo Avicultura
500 ## - NOTA GERAL
Nota geral 3 illus.
942 ## - ADDED ENTRY ELEMENTS (KOHA)
Koha item type
650 ## - ASSUNTO - THESAGRO
Cabeçalho tópico ou nome geográfico AVICULTURA
650 ## - ASSUNTO - THESAGRO
Cabeçalho tópico ou nome geográfico FRANGO DE CORTE
650 ## - ASSUNTO - THESAGRO
Cabeçalho tópico ou nome geográfico ABATEDOURO
650 ## - ASSUNTO - THESAGRO
Cabeçalho tópico ou nome geográfico PROCESSAMENTO
650 ## - ASSUNTO - THESAGRO
Cabeçalho tópico ou nome geográfico SANIDADE ANIMAL
650 ## - ASSUNTO - THESAGRO
Cabeçalho tópico ou nome geográfico AGROINDÚSTRIA
650 ## - ASSUNTO - THESAGRO
Cabeçalho tópico ou nome geográfico ASSOCIAÇÃO
650 ## - ASSUNTO - THESAGRO
Cabeçalho tópico ou nome geográfico CAPACITAÇÃO
650 ## - ASSUNTO - THESAGRO
Cabeçalho tópico ou nome geográfico COMERCIALIZAÇÃO
650 ## - ASSUNTO - THESAGRO
Cabeçalho tópico ou nome geográfico COMÉRCIO INTERNO
650 ## - ASSUNTO - THESAGRO
Cabeçalho tópico ou nome geográfico COMÉRCIO EXTERIOR
650 ## - ASSUNTO - THESAGRO
Cabeçalho tópico ou nome geográfico TOCANTINS
773 0# - ENTRADA ANALÍTICA
Host Biblionumber 4604
Registro do item 317193
Imprenta Palmas - Tocantins Terranova Gráfica e Editora Jornalística Ltda 2005
Outro identificador 2024-3817
Título Cerrado Rural Agronegócios (Brazil)
ISSN 1980-2595
Colação v. 4(22) p. 20-21; (Nov 2006)
Número de controle de registro Analítica

Nenhum exemplar disponível.

BINAGRI

Telefone: (61)3218-2567/2388/3357/2097 - binagri@agro.gov.br

Ministério da Agricultura e Pecuária , Esplanada dos Ministérios, Bloco D, Anexo B, Brasília/DF, CEP: 70.043-900